000 00378nam a22001457a 4500
020 _qHB.
040 _cFIZZA ISHAQ
082 _a658.4
_bCUR
100 _aCOOK,W.CURTIS.
_9134188
245 _aMANAGEMENT AND ORGANIZATIONAL BEHAVIOR /
_cCURTIS W.COOK.
250 _a2ND ED.
260 _aNEW YORK ;
_bMc GRAW HILL,
_c1997.
300 _a642 P. ;
_c10.6X8.4IN
942 _2ddc
_cBK
999 _c617149
_d617149